[Event "Women's Baku Chess Olympiad"]
[Site "chess24.com"]
[Date "2016.09.09"]
[Round "7"]
[White "Larrea, Daniela"]
[Black "O`Gorman, Alice"]
[Result "1-0"]
[Board "2"]
[WhiteID "3003000"]
[WhiteElo "1778"]
[WhiteCountry "URU"]
[WhiteFideId "3003000"]
[WhiteEloChange "10"]
[BlackID "2508214"]
[BlackElo "1781"]
[BlackCountry "IRL"]
[BlackFideId "2508214"]
[BlackEloChange "-10"]

1. d4 {[%clk 1:30:55]} d5 {[%clk 1:30:51]} 2. c4 {[%clk 1:31:21]} e6 {[%clk
1:31:16]} 3. g3 {[%clk 1:31:45]} Nf6 {[%clk 1:31:14]} 4. Bg2 {[%clk 1:32:11]}
Bb4+ {[%clk 1:31:10]} 5. Bd2 {[%clk 1:32:31]} Be7 {[%clk 1:31:28]} 6. Nf3 {[%clk
1:32:52]} O-O {[%clk 1:31:13]} 7. O-O {[%clk 1:33:10]} c6 {[%clk 1:30:27]} 8. Qc2
{[%clk 1:32:14]} b6 {[%clk 1:27:25]} 9. Bf4 {[%clk 1:30:38]} Bb7 {[%clk 1:24:06]}
10. Nbd2 {[%clk 1:22:28]} Nbd7 {[%clk 1:19:30]} 11. e4 {[%clk 1:22:17]} dxe4
{[%clk 1:15:00]} 12. Nxe4 {[%clk 1:22:37]} Nxe4 {[%clk 1:13:54]} 13. Qxe4 {[%clk
1:23:01]} Nf6 {[%clk 1:13:38]} 14. Qe2 {[%clk 1:10:44]} c5 {[%clk 1:07:17]} 15.
Rfd1 {[%clk 1:02:30]} Qe8 {[%clk 1:03:19]} 16. Ne5 {[%clk 0:57:58]} Bxg2 {[%clk
1:02:01]} 17. Kxg2 {[%clk 0:58:24]} cxd4 {[%clk 0:59:16]} 18. Rxd4 {[%clk
0:58:00]} Bc5 {[%clk 0:57:41]} 19. Rd3 {[%clk 0:53:18]} Rd8 {[%clk 0:51:51]} 20.
Rad1 {[%clk 0:51:16]} Rxd3 {[%clk 0:51:18]} 21. Rxd3 {[%clk 0:50:33]} Qa8+ {[%clk
0:48:56]} 22. f3 {[%clk 0:50:13]} Rd8 {[%clk 0:45:16]} 23. Qd2 {[%clk 0:44:44]}
Rxd3 {[%clk 0:39:50]} 24. Qxd3 {[%clk 0:44:56]} Qc8 {[%clk 0:35:02]} 25. b3
{[%clk 0:34:49]} h6 {[%clk 0:32:51]} 26. Kf1 {[%clk 0:26:08]} Kf8 {[%clk
0:26:13]} 27. Qd2 {[%clk 0:19:36]} g5 {[%clk 0:18:06]} 28. Be3 {[%clk 0:19:34]}
Bxe3 {[%clk 0:18:16]} 29. Qxe3 {[%clk 0:20:00]} Qd8 {[%clk 0:16:32]} 30. Qd3
{[%clk 0:17:23]} Qc7 {[%clk 0:13:01]} 31. Qd4 {[%clk 0:15:30]} Kg7 {[%clk
0:07:53]} 32. Ng4 {[%clk 0:12:47]} Qe7 {[%clk 0:07:59]} 33. Ke2 {[%clk 0:11:49]}
Kg6 {[%clk 0:06:29]} 34. Nxf6 {[%clk 0:11:50]} Qxf6 {[%clk 0:06:49]} 35. Qxf6+
{[%clk 0:08:17]} Kxf6 {[%clk 0:07:14]} 36. Ke3 {[%clk 0:08:33]} Ke5 {[%clk
0:07:09]} 37. b4 {[%clk 0:07:37]} f5 {[%clk 0:05:01]} 38. f4+ {[%clk 0:07:08]}
gxf4+ {[%clk 0:04:41]} 39. gxf4+ {[%clk 0:07:34]} Kd6 {[%clk 0:04:26]} 40. Kd4
{[%clk 0:37:38]} a5 {[%clk 0:33:03]} 41. bxa5 {[%clk 0:34:22]} bxa5 {[%clk
0:33:26]} 42. c5+ {[%clk 0:34:48]} Kd7 {[%clk 0:28:14]} 43. Ke5 {[%clk 0:35:06]}
a4 {[%clk 0:28:21]} 44. c6+ {[%clk 0:35:15]} Kxc6 {[%clk 0:28:24]} 45. Kxe6
{[%clk 0:35:40]} Kb5 {[%clk 0:28:34]} 46. Kxf5 {[%clk 0:36:03]} Kb4 {[%clk
0:28:59]} 47. Kg6 {[%clk 0:36:14]} Ka3 {[%clk 0:29:13]} 48. f5 {[%clk 0:36:39]}
Kxa2 {[%clk 0:29:32]} 49. f6 {[%clk 0:37:06]} Kb1 {[%clk 0:28:50]} 50. f7 {[%clk
0:37:30]} a3 {[%clk 0:29:18]} 51. f8Q {[%clk 0:37:47]} a2 {[%clk 0:29:40]} 52.
Qf1+ {[%clk 0:37:44]} Kb2 {[%clk 0:29:58]} 53. Kxh6 {[%clk 0:36:21]} 1-0

[Event "Women's Baku Chess Olympiad"]
[Site "chess24.com"]
[Date "2016.09.09"]
[Round "7"]
[White "Smith, Annesha"]
[Black "Farrugia, Jamie"]
[Result "1-0"]
[Board "3"]
[WhiteID "7400683"]
[WhiteElo "1770"]
[WhiteTitle "WCM"]
[WhiteCountry "JAM"]
[WhiteFideId "7400683"]
[WhiteEloChange "6"]
[BlackID "5600898"]
[BlackElo "1617"]
[BlackTitle "WFM"]
[BlackCountry "MLT"]
[BlackFideId "5600898"]
[BlackEloChange "-6"]

1. d4 {[%clk 1:30:58]} d5 {[%clk 1:30:54]} 2. c4 {[%clk 1:31:20]} c6 {[%clk
1:31:23]} 3. Nf3 {[%clk 1:31:37]} Nf6 {[%clk 1:31:41]} 4. g3 {[%clk 1:31:59]}
dxc4 {[%clk 1:28:47]} 5. Bg2 {[%clk 1:32:23]} Bf5 {[%clk 1:24:33]} 6. O-O {[%clk
1:31:53]} Nbd7 {[%clk 1:23:29]} 7. Nbd2 {[%clk 1:29:50]} e6 {[%clk 1:16:56]} 8.
Nh4 {[%clk 1:23:36]} Bg6 {[%clk 1:12:21]} 9. Nxc4 {[%clk 1:17:11]} Be7 {[%clk
1:09:09]} 10. Bf4 {[%clk 1:16:10]} Nb6 {[%clk 0:58:53]} 11. Nxg6 {[%clk 1:15:23]}
hxg6 {[%clk 0:59:08]} 12. Ne5 {[%clk 1:07:33]} Nfd5 {[%clk 0:56:27]} 13. Bd2
{[%clk 1:06:43]} Bd6 {[%clk 0:52:54]} 14. Nf3 {[%clk 1:05:53]} Qd7 {[%clk
0:49:13]} 15. e4 {[%clk 1:05:47]} Ne7 {[%clk 0:49:03]} 16. Qc2 {[%clk 1:04:48]}
f6 {[%clk 0:44:36]} 17. a4 {[%clk 1:02:24]} O-O {[%clk 0:38:10]} 18. a5 {[%clk
0:51:57]} Nbc8 {[%clk 0:38:12]} 19. Rad1 {[%clk 0:51:10]} a6 {[%clk 0:32:29]} 20.
Rfe1 {[%clk 0:48:47]} Bc7 {[%clk 0:29:55]} 21. Bc3 {[%clk 0:31:53]} Re8 {[%clk
0:25:41]} 22. Bh3 {[%clk 0:28:08]} Nd6 {[%clk 0:19:40]} 23. d5 {[%clk 0:28:14]}
cxd5 {[%clk 0:19:42]} 24. exd5 {[%clk 0:28:29]} Nef5 {[%clk 0:18:13]} 25. dxe6
{[%clk 0:25:07]} Rxe6 {[%clk 0:18:08]} 26. Qb3 {[%clk 0:25:29]} Re8 {[%clk
0:12:57]} 27. Nd4 {[%clk 0:24:56]} Nxd4 {[%clk 0:12:06]} 28. Rxd4 {[%clk
0:24:41]} f5 {[%clk 0:10:55]} 29. Bb4 {[%clk 0:18:58]} Kf8 {[%clk 0:08:57]} 30.
Red1 {[%clk 0:16:41]} Rd8 {[%clk 0:09:27]} 31. Qa3 {[%clk 0:16:03]} Kf7 {[%clk
0:09:05]} 32. g4 {[%clk 0:11:17]} Kf6 {[%clk 0:07:20]} 33. Qc3 {[%clk 0:09:18]}
Re5 {[%clk 0:06:34]} 34. Rd5 {[%clk 0:08:34]} Qe6 {[%clk 0:06:34]} 35. f4 {[%clk
0:08:53]} Ne4 {[%clk 0:04:22]} 36. fxe5+ {[%clk 0:07:51]} Qxe5 {[%clk 0:03:55]}
37. Qxe5+ {[%clk 0:07:38]} Bxe5 {[%clk 0:02:42]} 38. Rxd8 {[%clk 0:08:03]} Bxb2
{[%clk 0:02:04]} 39. gxf5 {[%clk 0:07:42]} gxf5 {[%clk 0:02:27]} 40. R8d7 {[%clk
0:37:32]} g6 {[%clk 0:31:14]} 41. Rxb7 {[%clk 0:37:35]} Ke5 {[%clk 0:29:45]} 42.
Rbd7 {[%clk 0:36:26]} Kf4 {[%clk 0:26:02]} 43. Kf1 {[%clk 0:33:06]} g5 {[%clk
0:23:20]} 44. Bd6+ {[%clk 0:33:07]} Ke3 {[%clk 0:20:48]} 45. Bg3 {[%clk 0:32:25]}
Nc5 {[%clk 0:18:35]} 46. Bf2+ {[%clk 0:32:27]} Kf4 {[%clk 0:18:30]} 47. Bxc5
{[%clk 0:32:39]} g4 {[%clk 0:18:43]} 48. Bg2 {[%clk 0:32:38]} Be5 {[%clk
0:18:20]} 49. Bd6 {[%clk 0:32:49]} 1-0

[Event "Women's Baku Chess Olympiad"]
[Site "chess24.com"]
[Date "2016.09.09"]
[Round "7"]
[White "Adhikari, Ashmita"]
[Black "Lagutina, Olga"]
[Result "0-1"]
[Board "2"]
[WhiteID "12301329"]
[WhiteElo "1632"]
[WhiteCountry "NEP"]
[WhiteFideId "12301329"]
[WhiteEloChange "-3"]
[BlackID "14122294"]
[BlackElo "1910"]
[BlackCountry "RUS"]
[BlackFideId "14122294"]
[BlackEloChange "3"]

1. e4 {[%clk 1:30:30]} c5 {[%clk 1:30:30]} 2. g3 {[%clk 1:30:44]} d5 {[%clk
1:30:28]} 3. Bg2 {[%clk 1:30:22]} dxe4 {[%clk 1:30:13]} 4. Bxe4 {[%clk 1:30:12]}
Nf6 {[%clk 1:29:32]} 5. Bg2 {[%clk 1:29:42]} Bg4 {[%clk 1:28:05]} 6. Ne2 {[%clk
1:29:03]} Qd7 {[%clk 1:25:28]} 7. d3 {[%clk 1:25:40]} Nc6 {[%clk 1:24:29]} 8.
Nbc3 {[%clk 1:24:52]} Nd4 {[%clk 1:20:53]} 9. Be3 {[%clk 1:21:51]} Nf3+ {[%clk
1:14:32]} 10. Kf1 {[%clk 1:19:28]} Nd4 {[%clk 1:11:44]} 11. h3 {[%clk 1:15:12]}
Bh5 {[%clk 0:47:02]} 12. g4 {[%clk 1:11:54]} Bg6 {[%clk 0:47:02]} 13. Ng3 {[%clk
1:11:14]} e6 {[%clk 0:45:51]} 14. Qd2 {[%clk 1:03:28]} Nxc2 {[%clk 0:36:00]} 15.
Rd1 {[%clk 0:57:48]} Nxe3+ {[%clk 0:35:23]} 16. Qxe3 {[%clk 0:57:46]} Be7 {[%clk
0:31:13]} 17. g5 {[%clk 0:56:00]} Nh5 {[%clk 0:30:04]} 18. Nge4 {[%clk 0:53:50]}
Rc8 {[%clk 0:29:29]} 19. d4 {[%clk 0:51:52]} cxd4 {[%clk 0:22:25]} 20. Rxd4
{[%clk 0:52:01]} Qc7 {[%clk 0:22:28]} 21. Ke2 {[%clk 0:48:01]} Nf4+ {[%clk
0:22:00]} 22. Kf1 {[%clk 0:47:37]} Nxg2 {[%clk 0:22:05]} 23. Kxg2 {[%clk
0:47:46]} Qc6 {[%clk 0:16:55]} 24. Rhd1 {[%clk 0:42:47]} Bc5 {[%clk 0:15:28]} 25.
Kf1 {[%clk 0:42:10]} Bxd4 {[%clk 0:15:29]} 26. Rxd4 {[%clk 0:42:13]} Bxe4 {[%clk
0:15:23]} 27. Nxe4 {[%clk 0:40:59]} Qc1+ {[%clk 0:15:19]} 28. Qxc1 {[%clk
0:41:10]} Rxc1+ {[%clk 0:15:48]} 29. Kg2 {[%clk 0:41:29]} Ke7 {[%clk 0:15:52]}
30. Rb4 {[%clk 0:40:12]} Rb8 {[%clk 0:14:44]} 31. Nc3 {[%clk 0:39:22]} Re1 {[%clk
0:14:40]} 32. Ne4 {[%clk 0:38:21]} a5 {[%clk 0:13:35]} 33. Rd4 {[%clk 0:37:47]}
e5 {[%clk 0:13:41]} 34. Rc4 {[%clk 0:37:35]} Rd8 {[%clk 0:05:40]} 35. Nc5 {[%clk
0:33:21]} Rc8 {[%clk 0:04:49]} 36. Rc3 {[%clk 0:33:34]} b6 {[%clk 0:04:34]} 37.
Na4 {[%clk 0:33:50]} Rxc3 {[%clk 0:04:54]} 38. Nxc3 {[%clk 0:34:14]} Kd6 {[%clk
0:04:41]} 39. Kf3 {[%clk 0:34:27]} Rc1 {[%clk 0:03:47]} 40. Na4 {[%clk 0:33:13]}
b5 {[%clk 0:03:40]} 41. Nc3 {[%clk 1:03:13]} Rxc3+ {[%clk 0:26:31]} 42. bxc3
{[%clk 1:03:53]} Kd5 {[%clk 0:27:00]} 43. Ke3 {[%clk 1:04:11]} Kc4 {[%clk
0:27:15]} 44. Kd2 {[%clk 1:02:37]} f5 {[%clk 0:27:28]} 45. gxf6 {[%clk 1:01:29]}
gxf6 {[%clk 0:27:57]} 46. f3 {[%clk 1:01:01]} f5 {[%clk 0:28:11]} 47. h4 {[%clk
1:00:51]} a4 {[%clk 0:28:17]} 48. h5 {[%clk 1:00:40]} a3 {[%clk 0:27:56]} 49. h6
{[%clk 0:57:59]} e4 {[%clk 0:27:26]} 50. fxe4 {[%clk 0:56:56]} fxe4 {[%clk
0:27:54]} 51. Ke3 {[%clk 0:57:19]} Kxc3 {[%clk 0:23:02]} 52. Kxe4 {[%clk
0:56:56]} Kb2 {[%clk 0:23:30]} 53. Kf5 {[%clk 0:56:55]} Kxa2 {[%clk 0:23:57]} 54.
Kf6 {[%clk 0:57:19]} Kb3 {[%clk 0:23:47]} 55. Kg7 {[%clk 0:57:28]} a2 {[%clk
0:23:39]} 56. Kxh7 {[%clk 0:57:31]} a1Q {[%clk 0:23:58]} 57. Kg8 {[%clk 0:57:08]}
Qh1 {[%clk 0:24:07]} 0-1

[Event "Women's Baku Chess Olympiad"]
[Site "chess24.com"]
[Date "2016.09.09"]
[Round "7"]
[White "Lohani, Sujana"]
[Black "Gonchar, Svitlana"]
[Result "1-0"]
[Board "4"]
[WhiteID "12311987"]
[WhiteElo "1488"]
[WhiteCountry "NEP"]
[WhiteFideId "12311987"]
[WhiteEloChange "17"]
[BlackID "14122103"]
[BlackElo "1807"]
[BlackCountry "UKR"]
[BlackFideId "14122103"]
[BlackEloChange "-17"]

1. d4 {[%clk 1:30:58]} Nf6 {[%clk 1:30:30]} 2. Nf3 {[%clk 1:31:18]} e6 {[%clk
1:30:55]} 3. c4 {[%clk 1:31:39]} d5 {[%clk 1:31:22]} 4. g3 {[%clk 1:31:56]} Be7
{[%clk 1:31:48]} 5. Bg2 {[%clk 1:32:11]} O-O {[%clk 1:32:08]} 6. O-O {[%clk
1:32:35]} c5 {[%clk 1:26:39]} 7. cxd5 {[%clk 1:32:00]} exd5 {[%clk 1:22:12]} 8.
Nc3 {[%clk 1:31:29]} Nc6 {[%clk 1:21:02]} 9. Bf4 {[%clk 1:24:21]} a6 {[%clk
1:14:07]} 10. dxc5 {[%clk 1:22:20]} Bxc5 {[%clk 1:13:29]} 11. Qc2 {[%clk
1:22:04]} Be6 {[%clk 1:05:31]} 12. Ng5 {[%clk 1:21:25]} Nd4 {[%clk 1:02:18]} 13.
Nxe6 {[%clk 1:13:21]} Nxc2 {[%clk 1:01:47]} 14. Nxd8 {[%clk 1:13:44]} Nxa1 {[%clk
1:02:11]} 15. Nxb7 {[%clk 1:13:24]} Bxf2+ {[%clk 0:37:54]} 16. Rxf2 {[%clk
1:13:32]} d4 {[%clk 0:33:04]} 17. Nd5 {[%clk 1:10:58]} Ng4 {[%clk 0:29:37]} 18.
Rf1 {[%clk 1:10:31]} Nc2 {[%clk 0:29:53]} 19. Rc1 {[%clk 1:05:03]} Nge3 {[%clk
0:25:29]} 20. Be4 {[%clk 1:03:28]} Nxd5 {[%clk 0:21:46]} 21. Bxd5 {[%clk
1:03:43]} Ne3 {[%clk 0:21:46]} 22. Bb3 {[%clk 0:57:52]} Rac8 {[%clk 0:19:23]} 23.
Bxe3 {[%clk 0:57:53]} dxe3 {[%clk 0:18:52]} 24. Rxc8 {[%clk 0:58:10]} Rxc8 {[%clk
0:19:03]} 25. Nd6 {[%clk 0:57:52]} Rc6 {[%clk 0:16:31]} 26. Nxf7 {[%clk 0:57:53]}
Kf8 {[%clk 0:16:56]} 27. Ng5 {[%clk 0:58:01]} h6 {[%clk 0:17:07]} 28. Ne6+ {[%clk
0:57:59]} Ke7 {[%clk 0:16:53]} 29. Nxg7 {[%clk 0:58:03]} Kf6 {[%clk 0:17:11]} 30.
Nh5+ {[%clk 0:57:57]} Ke5 {[%clk 0:16:10]} 31. Nf4 {[%clk 0:57:48]} a5 {[%clk
0:10:05]} 32. Kg2 {[%clk 0:57:23]} Rf6 {[%clk 0:09:50]} 33. Kf3 {[%clk 0:56:15]}
Kd4 {[%clk 0:07:55]} 34. Kg4 {[%clk 0:54:32]} Ke4 {[%clk 0:07:54]} 35. Bc4 {[%clk
0:54:21]} Ke5 {[%clk 0:07:45]} 36. b3 {[%clk 0:53:56]} Rd6 {[%clk 0:07:09]} 37.
Nd3+ {[%clk 0:53:48]} Ke4 {[%clk 0:06:47]} 38. Nc5+ {[%clk 0:52:52]} Kd4 {[%clk
0:07:00]} 39. Nb7 {[%clk 0:52:43]} Rf6 {[%clk 0:06:02]} 40. Nxa5 {[%clk 1:22:33]}
Kc3 {[%clk 0:35:15]} 41. a4 {[%clk 1:21:56]} Rf2 {[%clk 0:32:31]} 42. h4 {[%clk
1:21:33]} Rf6 {[%clk 0:32:22]} 43. Nb7 {[%clk 1:21:32]} Kd2 {[%clk 0:31:47]} 44.
Nc5 {[%clk 1:21:50]} Rg6+ {[%clk 0:20:09]} 45. Kh5 {[%clk 1:20:50]} Rc6 {[%clk
0:20:16]} 46. Ne4+ {[%clk 1:19:37]} Ke1 {[%clk 0:20:12]} 47. a5 {[%clk 1:16:25]}
Rxc4 {[%clk 0:10:44]} 48. bxc4 {[%clk 1:16:48]} Kxe2 {[%clk 0:11:11]} 49. a6
{[%clk 1:16:52]} Kd3 {[%clk 0:11:36]} 50. a7 {[%clk 1:16:40]} e2 {[%clk 0:12:01]}
51. a8Q {[%clk 1:16:57]} e1Q {[%clk 0:12:24]} 52. Qd5+ {[%clk 1:16:50]} Kc2
{[%clk 0:12:43]} 53. Qd2+ {[%clk 1:17:13]} 1-0

[Event "Women's Baku Chess Olympiad"]
[Site "chess24.com"]
[Date "2016.09.09"]
[Round "7"]
[White "Manyeli Mahlauli"]
[Black "Tsuses Patience"]
[Result "1-0"]
[Board "4"]
[WhiteID "21300313"]
[WhiteElo "1088"]
[WhiteCountry "LES"]
[WhiteFideId "21300313"]
[WhiteEloChange "8"]
[BlackID "15200876"]
[BlackElo "1025"]
[BlackCountry "NAM"]
[BlackFideId "15200876"]
[BlackEloChange "-8"]

1. e4 {[%clk 1:30:51]} e6 {[%clk 1:30:57]} 2. Nf3 {[%clk 1:30:20]} d5 {[%clk
1:30:12]} 3. exd5 {[%clk 1:29:36]} exd5 {[%clk 1:30:32]} 4. d4 {[%clk 1:29:48]}
Nf6 {[%clk 1:30:36]} 5. Bg5 {[%clk 1:28:55]} Be7 {[%clk 1:30:08]} 6. Be2 {[%clk
1:27:39]} O-O {[%clk 1:28:32]} 7. O-O {[%clk 1:25:35]} Nc6 {[%clk 1:26:15]} 8. c4
{[%clk 1:25:21]} dxc4 {[%clk 1:25:45]} 9. Bxc4 {[%clk 1:25:15]} Bg4 {[%clk
1:21:16]} 10. Qd3 {[%clk 1:23:53]} Bxf3 {[%clk 1:18:01]} 11. Qxf3 {[%clk
1:19:37]} Nxd4 {[%clk 1:16:39]} 12. Qh3 {[%clk 1:16:13]} h6 {[%clk 1:14:32]} 13.
Bxh6 {[%clk 1:12:57]} gxh6 {[%clk 1:02:50]} 14. Qxh6 {[%clk 1:12:26]} Nh7 {[%clk
0:58:19]} 15. Bd3 {[%clk 1:08:23]} f5 {[%clk 0:57:56]} 16. Bc4+ {[%clk 1:00:08]}
Rf7 {[%clk 0:54:01]} 17. Qg6+ {[%clk 0:56:46]} Kh8 {[%clk 0:51:25]} 18. Bxf7
{[%clk 0:55:33]} Nc2 {[%clk 0:49:42]} 19. Nc3 {[%clk 0:55:30]} Nxa1 {[%clk
0:48:38]} 20. Nd5 {[%clk 0:55:36]} Qd6 {[%clk 0:34:19]} 21. Re1 {[%clk 0:52:50]}
Qxg6 {[%clk 0:30:50]} 22. Bxg6 {[%clk 0:52:54]} Bf6 {[%clk 0:30:04]} 23. Rxa1
{[%clk 0:52:13]} Bxb2 {[%clk 0:28:51]} 24. Rb1 {[%clk 0:52:23]} Rd8 {[%clk
0:28:36]} 25. Rxb2 {[%clk 0:50:36]} Rxd5 {[%clk 0:28:23]} 26. g3 {[%clk 0:50:45]}
b6 {[%clk 0:28:38]} 27. Re2 {[%clk 0:50:54]} c5 {[%clk 0:28:34]} 28. Re7 {[%clk
0:51:02]} Nf8 {[%clk 0:26:26]} 29. Bh5 {[%clk 0:48:30]} a5 {[%clk 0:25:01]} 30.
Be2 {[%clk 0:47:46]} Ng6 {[%clk 0:20:35]} 31. Rb7 {[%clk 0:48:03]} f4 {[%clk
0:20:40]} 32. Rxb6 {[%clk 0:47:41]} Kh7 {[%clk 0:20:25]} 33. Ra6 {[%clk 0:44:59]}
Rd2 {[%clk 0:18:53]} 34. Kf1 {[%clk 0:43:06]} fxg3 {[%clk 0:17:53]} 35. hxg3
{[%clk 0:42:37]} Kg7 {[%clk 0:12:01]} 36. f4 {[%clk 0:42:55]} Rxa2 {[%clk
0:11:39]} 37. Kf2 {[%clk 0:42:12]} c4 {[%clk 0:11:37]} 38. Kf3 {[%clk 0:38:52]}
c3 {[%clk 0:11:21]} 39. Rc6 {[%clk 0:34:34]} c2 {[%clk 0:11:27]} 40. Kg4 {[%clk
1:03:09]} c1Q {[%clk 0:38:55]} 41. Rxc1 {[%clk 1:02:59]} Rxe2 {[%clk 0:39:10]}
42. Ra1 {[%clk 1:03:03]} Re4 {[%clk 0:25:03]} 43. Rxa5 {[%clk 1:02:37]} Kf7
{[%clk 0:24:29]} 44. Kg5 {[%clk 1:00:56]} Ne7 {[%clk 0:23:39]} 45. f5 {[%clk
0:59:33]} Ng8 {[%clk 0:22:13]} 46. Ra7+ {[%clk 0:58:58]} Re7 {[%clk 0:21:48]} 47.
Ra6 {[%clk 0:58:04]} Re5 {[%clk 0:21:33]} 48. Kf4 {[%clk 0:57:46]} Re8 {[%clk
0:21:09]} 49. g4 {[%clk 0:57:55]} Ne7 {[%clk 0:20:46]} 50. Ra7 {[%clk 0:56:50]}
Kf8 {[%clk 0:20:46]} 51. Rd7 {[%clk 0:56:50]} Ng8 {[%clk 0:18:47]} 52. g5 {[%clk
0:56:59]} Re7 {[%clk 0:18:32]} 53. Rd6 {[%clk 0:55:29]} Re8 {[%clk 0:18:15]} 54.
f6 {[%clk 0:51:01]} Nxf6 {[%clk 0:16:44]} 55. Rxf6+ {[%clk 0:51:10]} Kg7 {[%clk
0:16:57]} 56. Kf5 {[%clk 0:51:30]} Rf8 {[%clk 0:16:30]} 57. Rxf8 {[%clk 0:50:46]}
Kxf8 {[%clk 0:16:53]} 58. Kf6 {[%clk 0:51:06]} Kg8 {[%clk 0:16:45]} 59. Kg6
{[%clk 0:50:08]} Kh8 {[%clk 0:16:38]} 60. Kf7 {[%clk 0:49:53]} Kh7 {[%clk
0:16:44]} 61. g6+ {[%clk 0:50:05]} 1-0

[Event "Women's Baku Chess Olympiad"]
[Site "chess24.com"]
[Date "2016.09.09"]
[Round "7"]
[White "Sukhu, Gloria"]
[Black "Faqeeh, Rahaf"]
[Result "1-0"]
[Board "1"]
[WhiteID "11400099"]
[WhiteElo "1476"]
[WhiteTitle "WCM"]
[WhiteCountry "FIJ"]
[WhiteFideId "11400099"]
[WhiteEloChange "9"]
[BlackID "11501723"]
[BlackElo "1450"]
[BlackTitle "WCM"]
[BlackCountry "PLE"]
[BlackFideId "11501723"]
[BlackEloChange "-9"]

1. e4 {[%clk 1:30:47]} e6 {[%clk 1:30:54]} 2. d4 {[%clk 1:31:12]} d5 {[%clk
1:31:07]} 3. Nc3 {[%clk 1:31:36]} Nf6 {[%clk 1:30:42]} 4. Bg5 {[%clk 1:32:01]}
Be7 {[%clk 1:30:19]} 5. exd5 {[%clk 1:32:17]} Nxd5 {[%clk 1:30:05]} 6. Bxe7
{[%clk 1:32:33]} Nxe7 {[%clk 1:30:02]} 7. Bc4 {[%clk 1:29:25]} c6 {[%clk
1:26:53]} 8. Nf3 {[%clk 1:28:17]} Nd7 {[%clk 1:23:02]} 9. a3 {[%clk 1:28:07]} Nb6
{[%clk 1:19:58]} 10. Ba2 {[%clk 1:28:11]} Ned5 {[%clk 1:19:40]} 11. Ne2 {[%clk
1:27:58]} Na4 {[%clk 1:18:31]} 12. Qc1 {[%clk 1:27:44]} Qb6 {[%clk 1:17:32]} 13.
b3 {[%clk 1:28:05]} Nac3 {[%clk 1:16:26]} 14. Nxc3 {[%clk 1:26:31]} Nxc3 {[%clk
1:16:45]} 15. Qd2 {[%clk 1:26:31]} Qa5 {[%clk 1:10:56]} 16. Bb1 {[%clk 1:26:20]}
b6 {[%clk 1:08:46]} 17. O-O {[%clk 1:26:20]} Nxb1 {[%clk 1:08:46]} 18. Rfxb1
{[%clk 1:26:17]} Qxd2 {[%clk 1:08:13]} 19. Nxd2 {[%clk 1:26:45]} Bb7 {[%clk
1:07:56]} 20. Ne4 {[%clk 1:27:10]} Rd8 {[%clk 1:07:15]} 21. Rd1 {[%clk 1:26:53]}
O-O {[%clk 1:06:56]} 22. c3 {[%clk 1:27:00]} c5 {[%clk 1:06:45]} 23. f3 {[%clk
1:26:43]} cxd4 {[%clk 1:04:59]} 24. Rxd4 {[%clk 1:27:02]} Rxd4 {[%clk 1:05:12]}
25. cxd4 {[%clk 1:27:31]} Rd8 {[%clk 1:03:35]} 26. Rd1 {[%clk 1:27:57]} e5 {[%clk
1:03:14]} 27. d5 {[%clk 1:27:56]} Rxd5 {[%clk 1:03:00]} 28. Rc1 {[%clk 1:27:29]}
Rd7 {[%clk 1:00:29]} 29. Nc3 {[%clk 1:26:23]} f6 {[%clk 1:00:29]} 30. Ra1 {[%clk
1:20:48]} Rd3 {[%clk 0:57:01]} 31. Rc1 {[%clk 1:20:57]} a6 {[%clk 0:53:27]} 32.
b4 {[%clk 1:21:13]} Kf7 {[%clk 0:53:29]} 33. Rc2 {[%clk 1:21:14]} Kg6 {[%clk
0:52:21]} 34. a4 {[%clk 1:20:00]} f5 {[%clk 0:51:32]} 35. Kf2 {[%clk 1:20:07]}
Rd4 {[%clk 0:48:55]} 36. Na2 {[%clk 1:20:07]} Bd5 {[%clk 0:48:55]} 37. Nc3 {[%clk
1:18:12]} Rc4 {[%clk 0:45:09]} 38. Ke3 {[%clk 1:18:12]} f4+ {[%clk 0:45:09]} 39.
Kd2 {[%clk 1:18:12]} Rd4+ {[%clk 0:45:09]} 40. Kc1 {[%clk 1:12:26]} Bc4 {[%clk
0:44:10]} 41. Rd2 {[%clk 1:10:57]} Rxd2 {[%clk 0:43:08]} 42. Kxd2 {[%clk
1:10:57]} b5 {[%clk 0:43:08]} 43. a5 {[%clk 1:10:40]} Kf5 {[%clk 0:42:43]} 44.
Ne4 {[%clk 1:10:59]} Bf1 {[%clk 0:36:59]} 45. g4+ {[%clk 1:41:25]} fxg3 {[%clk
1:07:04]} 46. hxg3 {[%clk 1:40:58]} Bg2 {[%clk 1:06:00]} 47. Ke3 {[%clk 1:41:27]}
h5 {[%clk 1:05:01]} 48. Nc5 {[%clk 1:41:47]} g5 {[%clk 1:04:27]} 49. Nxa6 {[%clk
1:42:14]} h4 {[%clk 1:04:19]} 50. Kf2 {[%clk 1:42:31]} h3 {[%clk 1:03:54]} 51.
Kg1 {[%clk 1:42:52]} Bxf3 {[%clk 1:03:51]} 52. Nc5 {[%clk 1:43:14]} e4 {[%clk
1:03:27]} 53. a6 {[%clk 1:43:40]} e3 {[%clk 1:03:22]} 54. Nd3 {[%clk 1:43:54]}
Ke4 {[%clk 1:00:40]} 55. Ne1 {[%clk 1:43:33]} Bg4 {[%clk 0:58:56]} 56. a7 {[%clk
1:44:01]} e2 {[%clk 0:56:34]} 57. a8Q+ {[%clk 1:44:01]} Ke3 {[%clk 0:56:34]} 58.
Qa3+ {[%clk 1:43:21]} Kd2 {[%clk 0:56:06]} 59. Qa1 {[%clk 1:43:30]} Bh5 {[%clk
0:53:40]} 60. Kf2 {[%clk 1:43:40]} Bg4 {[%clk 0:53:10]} 61. Qd4+ {[%clk 1:43:59]}
Kc1 {[%clk 0:51:39]} 62. Qxg4 {[%clk 1:44:18]} h2 {[%clk 0:51:27]} 63. Qh5 {[%clk
1:44:47]} g4 {[%clk 0:50:24]} 64. Qxh2 {[%clk 1:45:15]} Kd1 {[%clk 0:50:33]} 65.
Qh5 {[%clk 1:45:32]} 1-0